Catálogo público

Estadísticas vitales del estado de Puebla (Record no. 76043)

MARC details
000 -CABECERA
campo de control de longitud fija 01646cam a22003857a 4500
003 - IDENTIFICADOR DEL NÚMERO DE CONTROL
campo de control CHAP
005 - FECHA Y HORA DE LA ÚLTIMA TRANSACCIÓN
campo de control 20220329141937.0
008 - DATOS DE LONGITUD FIJA--INFORMACIÓN GENERAL
campo de control de longitud fija 980828m1998 mx rs o00110 spa d
010 ## - NÚMERO DE CONTROL DE LA BIBLIOTECA DEL CONGRESO
Número de control de LC 76043
011 ## - ENLACE DEL NUMERO DE CONTROL DE LA BIBLIOTECA DEL CONGRESO [OBSOLETO]
Número de control de LC 77015
020 ## - NÚMERO INTERNACIONAL ESTÁNDAR DEL LIBRO
Número Internacional Estándar del Libro 9701318463
035 ## - NÚMERO DE CONTROL DEL SISTEMA
Número de control de sistema 86611
040 ## - FUENTE DE LA CATALOGACIÓN
Centro/agencia transcriptor CHAP
082 04 - NÚMERO DE LA CLASIFICACIÓN DECIMAL DEWEY
Número de clasificación 312.0972
Número de documento/Ítem I53 Pue.
110 2# - ENTRADA PRINCIPAL--NOMBRE DE ENTIDAD CORPORATIVA
Nombre de entidad corporativa o nombre de jurisdicción como elemento de entrada Instituto Nacional de Estadística, Geografía e Informática. México
9 (RLIN) 59304
245 10 - MENCIÓN DE TÍTULO
Título Estadísticas vitales del estado de Puebla
Mención de responsabilidad, etc. /por Instituto Nacional de Estadística, Geografía e Informática
260 ## - PUBLICACIÓN, DISTRIBUCIÓN, ETC.
Lugar de publicación, distribución, etc. Aguascalientes, Ags. :
Nombre del editor, distribuidor, etc. Instituto Nacional de Estadística, Geografía e Informática,
Fecha de publicación, distribución, etc. 1998-
300 ## - DESCRIPCIÓN FÍSICA
Extensión v. :
Otras características físicas gráfs. ; cuadros
500 ## - NOTA GENERAL
Nota general La biblioteca tiene : 1985-95, 1996-97, 1998, 1999
590 ## - NOTA LOCAL (RLIN)
Nota local BATCH-UPD
Procedencia (VM) [OBSOLETO] 10
Condición del los carretes individuales (VM) [OBSOLETO] 20130110
-- UCH01
-- 2244
590 ## - NOTA LOCAL (RLIN)
Nota local BATCH-UPD
Procedencia (VM) [OBSOLETO] 10
Condición del los carretes individuales (VM) [OBSOLETO] 20130410
-- UCH01
-- 1538
590 ## - NOTA LOCAL (RLIN)
Nota local BATCH-UPD
Procedencia (VM) [OBSOLETO] 10
Condición del los carretes individuales (VM) [OBSOLETO] 20130914
-- UCH01
-- 1923
590 ## - NOTA LOCAL (RLIN)
Nota local CONVERSION
Procedencia (VM) [OBSOLETO] 10
Condición del los carretes individuales (VM) [OBSOLETO] 20130109
-- UCH01
-- 1342
650 14 - PUNTO DE ACCESO ADICIONAL DE MATERIA--TÉRMINO DE MATERIA
Término de materia o nombre geográfico como elemento de entrada Población
Subdivisión general Estadísticas
Subdivisión geográfica Puebla.
9 (RLIN) 89393
650 14 - PUNTO DE ACCESO ADICIONAL DE MATERIA--TÉRMINO DE MATERIA
Término de materia o nombre geográfico como elemento de entrada Población
Subdivisión geográfica Puebla.
9 (RLIN) 89433
650 14 - PUNTO DE ACCESO ADICIONAL DE MATERIA--TÉRMINO DE MATERIA
Término de materia o nombre geográfico como elemento de entrada Puebla
Subdivisión general Estadísticas.
9 (RLIN) 92876
901 ## - ELEMENTOS DE DATOS A LOCAL LDA (RLIN)
a BK
905 ## - ELEMENTOS DE DATOS E LOCAL, LDE (RLIN)
a Guadalupe Pinto C.
942 ## - ELEMENTOS DE PUNTO DE ACCESO ADICIONAL (KOHA)
Tipo de ítem Koha Libro
949 ## - PROCESAMIENTO DE INFORMACIÓN LOCAL (OCLC)
a 312.0972 I53 Pue.
b BC
c INEGI
d 33724000696712
e INEGI
f 1985-95
h 93973
i 86611
s b
949 ## - PROCESAMIENTO DE INFORMACIÓN LOCAL (OCLC)
a 312.0972 I53 Pue.
b BC
c INEGI
d 33724000696720
e INEGI
f 1985-95 c.2
h 93974
i 86611
s b
949 ## - PROCESAMIENTO DE INFORMACIÓN LOCAL (OCLC)
a 312.0972 I53 Pue.
b BC
c INEGI
d 33724000737037
e INEGI
f 1996-97
h 95498
i 86611
s b
949 ## - PROCESAMIENTO DE INFORMACIÓN LOCAL (OCLC)
a 312.0972 I53 Pue.
b BC
c INEGI
d 33724000801023
e INEGI
f 1998
h 97969
i 86611
s b
949 ## - PROCESAMIENTO DE INFORMACIÓN LOCAL (OCLC)
a 312.0972 I53 Pue.
b BC
c INEGI
d 33724000851986
e INEGI
f 1999
h 101385
i 86611
s b
Holdings
Estado de retiro Estado de pérdida Fuente del sistema de clasificación o colocación Estado dañado Restricciones de uso No para préstamo Código de colección Localización permanente Ubicación/localización actual Ubicación en estantería Fecha de adquisición Información codificada de la localización en otra ubicación Total de préstamos Signatura topográfica completa Código de barras Fecha visto por última vez Número de copia Precio válido a partir de Tipo de ítem Koha
    Dewey Decimal Classification   Préstamo interno   Publicaciones INEGI Biblioteca Central Biblioteca Central Planta baja - Colección INEGI 31/12/2019 LIBRO   312.0972 I53 Pue. 33724000696712 31/12/2019 1985-95 31/12/2019 Libro
    Dewey Decimal Classification   Préstamo interno   Publicaciones INEGI Biblioteca Central Biblioteca Central Planta baja - Colección INEGI 31/12/2019 LIBRO   312.0972 I53 Pue. 33724000696720 31/12/2019 1985-95 c.2 31/12/2019 Libro
    Dewey Decimal Classification   Préstamo interno   Publicaciones INEGI Biblioteca Central Biblioteca Central Planta baja - Colección INEGI 31/12/2019 LIBRO   312.0972 I53 Pue. 33724000737037 31/12/2019 1996-97 31/12/2019 Libro
    Dewey Decimal Classification   Préstamo interno   Publicaciones INEGI Biblioteca Central Biblioteca Central Planta baja - Colección INEGI 31/12/2019 LIBRO   312.0972 I53 Pue. 33724000801023 31/12/2019 1998 31/12/2019 Libro
    Dewey Decimal Classification   Préstamo interno   Publicaciones INEGI Biblioteca Central Biblioteca Central Planta baja - Colección INEGI 31/12/2019 LIBRO   312.0972 I53 Pue. 33724000851986 31/12/2019 1999 31/12/2019 Libro